[Event "Sachsen-ch U16"]
[Site "Sebnitz"]
[Date "2011.04.29"]
[Round "5"]
[White "Mueller, Marius"]
[Black "Jacob, Tobias"]
[Result "1-0"]
[WhiteElo "1936"]
[BlackElo "1753"]
[PlyCount "89"]
[EventDate "2011.04.26"]
[EventType "swiss"]
[EventRounds "7"]
[EventCountry "GER"]
[SourceTitle "EXT 2012"]
[Source "ChessBase"]
[SourceDate "2011.11.24"]
[SourceVersion "1"]
[SourceVersionDate "2011.11.24"]
[SourceQuality "1"]

1. e4 c5 2. Nf3 d6 3. d4 cxd4 4. Nxd4 Nf6 5. Nc3 a6 6. Be3 e6 7. f3 Nbd7 8. g4 h6 9. Qd2 b5 10. a3 Bb7 11. 0-0-0 d5 12. exd5 Nxd5 13. Nxd5 Bxd5 14. Bg2 Qc7 15. f4 Bxg2 16. Qxg2 Rc8 17. f5 e5 18. Rhe1 Be7 19. Nf3 Qc4 20. Rxd7 Qa2 21. Rxe7+ Kxe7 22. Nd2 Rhd8 23. Nb1 Qc4 24. Nc3 f6 25. Kb1 Rd7 26. Qe4 Qxe4 27. Nxe4 Rcd8 28. Kc1 Kf7 29. Nc5 Re7 30. Nxa6 h5 31. g5 e4 32. g6+ Ke8 33. Nb4 Rc8 34. Bd4 Rc4 35. c3 Kd8 36. Re3 h4 37. Kd2 Ke8 38. Rh3 e3+ 39. Rxe3 Rxe3 40. Kxe3 Kd7 41. Nd5 Kd6 42. Nf4 Rc8 43. Ne6 Re8 44. Kf3 h3 45. Nxg7 1-0

[Event "Leipzig VfB op 18th"]
[Site "Leipzig"]
[Date "2011.03.26"]
[Round "8"]
[White "Jacob, Tobias"]
[Black "Mueller, Marius"]
[Result "1/2-1/2"]
[WhiteElo "1651"]
[BlackElo "1965"]
[PlyCount "65"]
[EventDate "2011.03.20"]
[EventType "swiss"]
[EventRounds "9"]
[EventCountry "GER"]
[SourceTitle "CBM 141 Extra"]
[Source "ChessBase"]
[SourceDate "2011.05.03"]
[SourceVersion "1"]
[SourceVersionDate "2011.05.03"]
[SourceQuality "1"]

1. e4 d5 2. exd5 Nf6 3. d4 Nxd5 4. c4 Nb6 5. Nf3 Bg4 6. Be3 e6 7. Be2 Be7 8. 0-0 0-0 9. Nbd2 N8d7 10. Ne5 Bf5 11. Bd3 Nxe5 12. Bxf5 Nexc4 13. Nxc4 exf5 14. Nxb6 axb6 15. Qf3 Qc8 16. Rfd1 Bf6 17. a3 c6 18. Rac1 Qd7 19. d5 c5 20. Rc2 Rfc8 21. g3 g6 22. d6 Rc6 23. Qd5 Ra5 24. Rcd2 c4 25. Qf3 c3 26. bxc3 Rxc3 27. Rd3 Raxa3 28. Bxb6 Rxd3 29. Rxd3 Rxd3 30. Qxd3 Be5 31. Bc7 Bf6 32. Bb6 Kf8 33. Qa3 1/2-1/2

[Event "GER-chT U16"]
[Site "Naumburg"]
[Date "2010.12.30"]
[Round "7.1"]
[White "Imgrunt, Philipp"]
[Black "Mueller, Marius"]
[Result "1/2-1/2"]
[WhiteElo "1550"]
[BlackElo "1950"]
[PlyCount "68"]
[EventDate "2010.12.27"]
[EventType "team-swiss"]
[EventRounds "7"]
[EventCountry "GER"]
[SourceTitle "CBM 140 Extra"]
[Source "ChessBase"]
[SourceDate "2011.03.01"]
[SourceVersion "1"]
[SourceVersionDate "2011.03.01"]
[SourceQuality "1"]
[WhiteTeam "Ettlingen"]
[BlackTeam "Leipzig BSG Chemie"]
[WhiteTeamCountry "GER"]
[BlackTeamCountry "GER"]

1. e4 d5 2. exd5 Nf6 3. d4 Nxd5 4. Nf3 Bf5 5. Bd3 Bg6 6. c4 Nb6 7. Nc3 e6 8. a3 Be7 9. Be3 0-0 10. 0-0 Bxd3 11. Qxd3 c5 12. Rfd1 Nc6 13. Qe2 cxd4 14. Nxd4 Qc8 15. Nxc6 Qxc6 16. Bxb6 Qxb6 17. Rab1 Rad8 18. Kf1 Qc7 19. Rxd8 Rxd8 20. Kg1 h6 21. h3 a6 22. a4 Rd4 23. b3 Qd7 24. Rd1 Rxd1+ 25. Qxd1 Qxd1+ 26. Nxd1 Bf6 27. b4 Kf8 28. Kf1 Ke7 29. Ke2 Kd6 30. Kd3 g5 31. Ne3 Bg7 32. g4 b6 33. f3 Ke5 34. b5 axb5 1/2-1/2

[Event "GER-chT U16"]
[Site "Naumburg"]
[Date "2010.12.28"]
[Round "4.1"]
[White "Wenninger, Philipp"]
[Black "Mueller, Marius"]
[Result "1-0"]
[WhiteElo "2133"]
[BlackElo "1950"]
[PlyCount "103"]
[EventDate "2010.12.27"]
[EventType "team-swiss"]
[EventRounds "7"]
[EventCountry "GER"]
[SourceTitle "CBM 140 Extra"]
[Source "ChessBase"]
[SourceDate "2011.03.01"]
[SourceVersion "1"]
[SourceVersionDate "2011.03.01"]
[SourceQuality "1"]
[WhiteTeam "Heilbronn"]
[BlackTeam "Leipzig BSG Chemie"]
[WhiteTeamCountry "GER"]
[BlackTeamCountry "GER"]

1. d4 d5 2. c4 e6 3. cxd5 exd5 4. Nc3 f5 5. Nf3 Nf6 6. Qc2 c6 7. Bg5 Be7 8. e3 0-0 9. Bd3 Ne4 10. Bxe7 Qxe7 11. 0-0 Be6 12. Ne5 Nd7 13. Nxd7 Bxd7 14. Rae1 Qf6 15. Bxe4 fxe4 16. f3 exf3 17. Rxf3 Qd6 18. Ref1 g6 19. Qb3 Qe6 20. Qxb7 Rfb8 21. Qc7 Rc8 22. Qg3 Re8 23. Na4 Qg4 24. Qf2 Qg5 25. Nc5 Bg4 26. Rf4 Bf5 27. h4 Qe7 28. g4 Be4 29. Rf7 Qd6 30. Rf6 Qc7 31. Ne6 Qe7 32. Ng5 Bd3 33. Rd1 Rf8 34. Rf4 Ba6 35. Rc1 Bb7 36. Rf1 Rxf4 37. Qxf4 Re8 38. Rf3 Bc8 39. Kg2 Rf8 40. Qxf8+ Qxf8 41. Rxf8+ Kxf8 42. Kg3 Kg7 43. Kf4 h6 44. Nf3 Kf6 45. g5+ hxg5+ 46. hxg5+ Ke6 47. Ne5 Kd6 48. Nxg6 Be6 49. Nh4 c5 50. Nf5+ Kc6 51. Ke5 Bf7 52. g6 1-0

[Event "GER-chT U16"]
[Site "Naumburg"]
[Date "2010.12.27"]
[Round "1.1"]
[White "Mueller, Marius"]
[Black "Moritz, Aron"]
[Result "1-0"]
[WhiteElo "1950"]
[BlackElo "2095"]
[PlyCount "103"]
[EventDate "2010.12.27"]
[EventType "team-swiss"]
[EventRounds "7"]
[EventCountry "GER"]
[SourceTitle "CBM 140 Extra"]
[Source "ChessBase"]
[SourceDate "2011.03.01"]
[SourceVersion "1"]
[SourceVersionDate "2011.03.01"]
[SourceQuality "1"]
[WhiteTeam "Leipzig BSG Chemie"]
[BlackTeam "Berlin Empor"]
[WhiteTeamCountry "GER"]
[BlackTeamCountry "GER"]

1. e4 c5 2. d4 cxd4 3. c3 dxc3 4. Nxc3 d6 5. Nf3 Nd7 6. Bc4 Ngf6 7. 0-0 e6 8. Bf4 Qc7 9. Bb3 a6 10. Rc1 Qb8 11. Qe2 Ne5 12. Rfd1 Be7 13. a4 0-0 14. Be3 Bd7 15. Bb6 Bc6 16. Nd4 Ned7 17. Ba5 Qa7 18. Bb4 Qb6 19. Ba3 Rac8 20. Bc2 Ne5 21. Kh1 Kh8 22. f4 Ng6 23. f5 Nf4 24. Qf3 e5 25. Nde2 N6h5 26. Nxf4 Nxf4 27. g3 Nh3 28. Kg2 Ng5 29. Qe2 f6 30. Rd2 g6 31. h4 Nf7 32. fxg6 hxg6 33. h5 Ng5 34. Rh1 Kg7 35. hxg6 f5 36. Bb1 f4 37. gxf4 exf4 38. Qf2 Qa5 39. Nd5 Bf6 40. Bxd6 f3+ 41. Kg3 Rh8 42. Rxh8 Rxh8 43. Nxf6 Ne6 44. Nd5 Rh5 45. Be7 Bxd5 46. exd5 Qc7+ 47. d6 Qc1 48. Qe3 Qh1 49. Qc3+ Kg8 50. Qc8+ Kg7 51. Qxe6 Qg1+ 52. Kf4 1-0

[Event "Leipzig VfB op 16th"]
[Site "Leipzig"]
[Date "2009.04.04"]
[Round "7"]
[White "Amarell, Harry"]
[Black "Mueller, Marius"]
[Result "0-1"]
[WhiteElo "1960"]
[BlackElo "1708"]
[PlyCount "108"]
[EventDate "2009.03.31"]
[EventType "swiss"]
[EventRounds "9"]
[EventCountry "GER"]
[SourceTitle "EXT 2010"]
[Source "ChessBase"]
[SourceDate "2010.11.25"]
[SourceVersion "1"]
[SourceVersionDate "2010.11.25"]
[SourceQuality "1"]

1. e4 d5 2. exd5 Nf6 3. Nc3 Nxd5 4. Nxd5 Qxd5 5. Qf3 Qf5 6. Bd3 Qe5+ 7. Ne2 Nc6 8. 0-0 e6 9. Qf4 Bd6 10. Qxe5 Bxe5 11. Bb5 Bd7 12. Bxc6 Bxc6 13. d4 Bd6 14. Bf4 0-0-0 15. Bxd6 Rxd6 16. c3 Bb5 17. Rfe1 Rhd8 18. f4 Rd5 19. Kf2 c5 20. b3 Bxe2 21. Rxe2 cxd4 22. cxd4 Rxd4 23. Rc1+ Kb8 24. g3 Rc8 25. Rxc8+ Kxc8 26. Ke3 Rd5 27. g4 Kd7 28. Rc2 f6 29. Rc4 b6 30. Rc3 Rc5 31. Rd3+ Ke7 32. Rd2 g5 33. fxg5 Rxg5 34. Kf3 Rd5 35. Rc2 Kd7 36. Ke4 a5 37. Ke3 h5 38. h3 h4 39. Rf2 Ke7 40. Rc2 Rc5 41. Rh2 Rc3+ 42. Kd4 Rg3 43. Ke4 Kd6 44. Rf2 f5+ 45. gxf5 exf5+ 46. Rxf5 Rxh3 47. b4 a4 48. Rf6+ Kc7 49. b5 Rh1 50. Rf7+ Kd6 51. Ra7 h3 52. Rh7 Kc5 53. Rh5+ Kb4 54. Kd4 h2 0-1

[Event "Niedersachsen-chT U16"]
[Site "Verden an der Aller"]
[Date "2008.05.04"]
[Round "5.1"]
[White "Mueller, Marius"]
[Black "Schulz, Jens"]
[Result "0-1"]
[WhiteElo "1523"]
[BlackElo "1984"]
[PlyCount "42"]
[EventDate "2008.05.01"]
[EventType "team-tourn"]
[EventRounds "7"]
[EventCountry "GER"]
[SourceTitle "EXT 2009"]
[Source "ChessBase"]
[SourceDate "2008.11.26"]
[SourceVersion "1"]
[SourceVersionDate "2008.11.26"]
[SourceQuality "1"]

1. e4 e5 2. f4 exf4 3. Nf3 Be7 4. Bc4 Nf6 5. e5 Ng4 6. 0-0 Nc6 7. d4 d5 8. Bb3 g5 9. Nc3 Be6 10. Qe2 a6 11. Nd1 Qd7 12. c3 0-0-0 13. Bd2 h5 14. h3 Nh6 15. Nh2 Nf5 16. Be1 Rdg8 17. Bc2 Ng3 18. Bxg3 fxg3 19. Nf3 g4 20. hxg4 hxg4 21. Nd2 Rh5 0-1

[Event "Leipzig VfB op 15th"]
[Site "Leipzig"]
[Date "2008.02.29"]
[Round "6"]
[White "Nittschalk, Karl"]
[Black "Mueller, Marius"]
[Result "0-1"]
[WhiteElo "1394"]
[BlackElo "1462"]
[PlyCount "146"]
[EventDate "2008.02.26"]
[EventType "swiss"]
[EventRounds "9"]
[EventCountry "GER"]
[SourceTitle "CBM 123 Extra"]
[Source "ChessBase"]
[SourceDate "2008.05.06"]
[SourceVersion "1"]
[SourceVersionDate "2008.05.06"]
[SourceQuality "1"]

1. e4 d5 2. exd5 Nf6 3. d4 Nxd5 4. c4 Nf6 5. c5 Nd5 6. h3 Bf5 7. Nf3 c6 8. Be2 e6 9. 0-0 Be7 10. Bd2 Nd7 11. Nc3 N7f6 12. Be3 0-0 13. Bd3 Bxd3 14. Qxd3 Nxe3 15. fxe3 Bxc5 16. Ng5 g6 17. Nge4 Nxe4 18. Nxe4 Be7 19. Rad1 Rc8 20. Qc3 f5 21. Nc5 Bxc5 22. Qxc5 Qc7 23. Qc2 Rcd8 24. Qf2 Rfe8 25. g3 Rd5 26. h4 e5 27. h5 exd4 28. Rxd4 Rxd4 29. exd4 Qe7 30. hxg6 hxg6 31. Qd2 Qe3+ 32. Qxe3 Rxe3 33. Kf2 Rd3 34. Re1 Kf7 35. g4 Rxd4 36. gxf5 gxf5 37. Rb1 Rd2+ 38. Kf3 Kf6 39. a4 Rd3+ 40. Kf2 f4 41. b4 Rd4 42. a5 Kf5 43. a6 b6 44. Rh1 Rd7 45. Kf3 Rd3+ 46. Kf2 Ra3 47. Rh6 Rxa6 48. Rxc6 Ra2+ 49. Kf3 Ra3+ 50. Kf2 Ke5 51. Rc8 f3 52. Re8+ Kd5 53. b5 Kd6 54. Rc8 Rb3 55. Ra8 Kc5 56. Rxa7 Kxb5 57. Ra8 Kb4 58. Rb8 b5 59. Ra8 Rc3 60. Rb8 Kc4 61. Rc8+ Kb3 62. Rb8 b4 63. Ra8 Kb2 64. Ra7 b3 65. Ra8 Kc2 66. Ra1 b2 67. Ra2 Kc1 68. Ra8 b1Q 69. Kg3 Qg6+ 70. Kf4 Rc4+ 71. Ke3 Qe4+ 72. Kf2 Qe2+ 73. Kg1 Qg2# 0-1

[Event "GER-chT U12"]
[Site "Verden an der Aller"]
[Date "2007.12.28"]
[Round "4.1"]
[White "Friedrich, Wiede"]
[Black "Mueller, Marius"]
[Result "1/2-1/2"]
[WhiteElo "1963"]
[BlackElo "1485"]
[PlyCount "97"]
[EventDate "2007.12.27"]
[EventType "team-swiss"]
[EventRounds "7"]
[EventCountry "GER"]
[SourceTitle "EXT 2009"]
[Source "ChessBase"]
[SourceDate "2008.11.26"]
[SourceVersion "1"]
[SourceVersionDate "2008.11.26"]
[SourceQuality "1"]
[WhiteTeam "Potsdam USV U12"]
[BlackTeam "Leipzig BSG Chemie U12"]
[WhiteTeamCountry "GER"]
[BlackTeamCountry "GER"]

1. Nf3 d5 2. c4 e6 3. g3 f5 4. Bg2 c6 5. 0-0 Nf6 6. d4 Bd6 7. Bg5 Nbd7 8. Nc3 0-0 9. Qc2 h6 10. Bd2 Ne4 11. Qb3 Kh8 12. Rad1 Qe8 13. Nb1 a5 14. c5 Bc7 15. Qa4 Nxd2 16. Nbxd2 Nf6 17. Rb1 Ne4 18. Nb3 Bd7 19. Nc1 e5 20. e3 Rf7 21. Nd3 exd4 22. Qxd4 Re7 23. a3 Kh7 24. b4 a4 25. Rb2 Re6 26. b5 Ba5 27. Rc2 Bd8 28. Nfe5 Bf6 29. f4 Ra7 30. Rb1 Qc8 31. Rb4 Qa8 32. Bf3 g5 33. Bd1 gxf4 34. exf4 Re7 35. b6 Ra5 36. Rc1 Qg8 37. Qe3 Be8 38. Rc2 Rg7 39. Rg2 Nc3 40. Bc2 Ne4 41. Rxa4 Rxa4 42. Bxa4 Bh5 43. Bb3 Qa8 44. a4 Qa5 45. Qc1 Bxe5 46. fxe5 Bf3 47. Rc2 Ng5 48. Qe3 Be4 49. Re2 1/2-1/2

[Event "GER-chT U12"]
[Site "Verden an der Aller"]
[Date "2007.12.28"]
[Round "3.1"]
[White "Mueller, Marius"]
[Black "Zoller, Philipp"]
[Result "1-0"]
[WhiteElo "1485"]
[BlackElo "1049"]
[PlyCount "99"]
[EventDate "2007.12.27"]
[EventType "team-swiss"]
[EventRounds "7"]
[EventCountry "GER"]
[SourceTitle "EXT 2009"]
[Source "ChessBase"]
[SourceDate "2008.11.26"]
[SourceVersion "1"]
[SourceVersionDate "2008.11.26"]
[SourceQuality "1"]
[WhiteTeam "Leipzig BSG Chemie U12"]
[BlackTeam "Unterkochen U12"]
[WhiteTeamCountry "GER"]
[BlackTeamCountry "GER"]

1. e4 e5 2. Nf3 Nc6 3. d4 exd4 4. Bc4 Bc5 5. c3 dxc3 6. Bxf7+ Kxf7 7. Qd5+ Ke8 8. Qh5+ g6 9. Qxc5 Nge7 10. Nxc3 d6 11. Qc4 Rf8 12. 0-0 Bg4 13. Ng5 Qd7 14. Nxh7 Be6 15. Qe2 Rf7 16. Ng5 Rg7 17. Bf4 a6 18. Rfd1 Rd8 19. e5 Nf5 20. exd6 cxd6 21. Nxe6 Re7 22. Ng7+ Nxg7 23. Qd2 Nf5 24. Bg5 b5 25. Bxe7 Ncxe7 26. Re1 b4 27. Nd5 a5 28. Nf6+ Kf8 29. Nxd7+ Rxd7 30. Qf4 Ke8 31. Qc4 Kd8 32. h3 Rc7 33. Qh4 a4 34. Rac1 d5 35. Rxe7 Nxe7 36. Rxc7 Kxc7 37. Qxe7+ Kc6 38. Qxb4 Kd7 39. Qb6 g5 40. f3 a3 41. bxa3 d4 42. Qxd4+ Ke7 43. Kf2 Kf7 44. Qd6 Kg7 45. Kg3 Kf7 46. Kg4 Kg7 47. Kxg5 Kf7 48. Qd7+ Kg8 49. Kg6 Kh8 50. Qg7# 1-0